Geographic Superlatives - Sudden Death - Statistics

General Stats
  • This quiz has been taken 844 times
  • The average score is 3 of 10
Answers on the Grid
Answers color-coded by a green-red scale on the quiz's grid according to % correct below.
Largest country by area:
Russia
Most populated country:
China
Country flag with most black:
Angola
Smallest island country:
Tuvalu
Longest river:
Nile
Most populated city in Canada:
Toronto
Country with the most lakes:
Canada
Southernmost capital city:
Cape Town
Least densely populated country:
Australia
Tallest mountain in Africa:
Mount Kilimanjaro
Country with the most Arabic speakers:
Pakistan
Largest volcano by size:
Mount Fuji
Country with most wild tigers:
India
Country with most crude oil reserves:
Saudi Arabia
Country with most landmines:
Ukraine
Least populated country:
Nauru
Most mountainous country:
Nepal
Safest country:
Iceland
Country with most venomous species:
Mexico
Largest statue:
Statue of Unity
 
Answer Stats
Answer % Correct
Largest country by area:
Russia
96%
Longest river:
Nile
44%
Most populated city in Canada:
Toronto
36%
Tallest mountain in Africa:
Mount Kilimanjaro
36%
Country with the most lakes:
Canada
28%
Country with most wild tigers:
India
22%
Safest country:
Iceland
18%
Country with most venomous species:
Mexico
7%
Largest statue:
Statue of Unity
7%
Country with most landmines:
Ukraine
4%
No matching quizzes found
Score Distribution
Percent of People with Each Score
Percentile by Number Answered
Your Score History
You have not taken this quiz